000 00979nam a2200277Ia 4500
003 GCL
008 140319s9999 xx 000 0 ara d
040 _aGCL /
_cGCL
082 0 4 _a621.38028
_bك ت
100 1 _aاحمد عبدالحميد عشوش
245 1 0 _aتكنولوجيا الالكترونيات /
_cاحمد عبدالحميد عشوش
700 1 _aكوفمان , ميلتون
700 1 _aويلسون، ج.ا.
700 1 _aاحمد توفيق الخشن
700 1 _aالسيد عبدالهادى طلخان
260 _a[S.N] :
_bالدار الدولية للنشر والتوزيع ،
_c1993
300 _a495 ص
490 _aسلسلة ملخصات شوم
_v0
650 0 4 _aالهندسة الالكترونية
650 0 4 _aالكهرباء
650 0 4 _aالدوائر الالكترونية
650 0 4 _aالتكنولوجيا
650 0 4 _aالالكترونات
650 0 4 _aالهندسة الكهربية
942 _2ddc
_cBK
999 _c30454
_d30454